01098cam a22002771 4500001001300000003000400013005001700017008004100034010001700075035001900092040004800111042001200159050002600171051001700197082001100214100003800225245005600263260009100319300002400410490006300434501017700497650002900674740003400703830006600737999001700803e 53000049 DLC20260227111235.0800222s1953 dcu f000 0 eng c ae 53000049  a(OCoLC)6011297 aU.S. Office of Education LibrarycMChBdDLC apremarc00aL111b.A6 1953, no. 4 aLB2861b.F53 a379.151 aFitzwater, Charles Ocelus,d1906-10aEducational change in reorganized school districts. a[Washington]bU.S. Dept. of Health, Education and Welfare, Office of Educationc[1953] aviii, 53 p.c23 cm.1 aUnited States. Office of Education. Bulletin,v1953, no. 4 aCopies 1 and 2 of L111.A6 with: How children learn to write / Helen K. Mackintosh. Washington : U.S. Govt. Print. Off., 1953. Bound together subsequent to publication.5DLC 0aSchoolsxCentralization.0 aReorganized school districts. 0aBulletin (United States. Office of Education) ;v1953, no. 4. c22198d22198